00269nam a22001217a 4500003000400000020001800004082001200022100001600034245002800050260003900078300000800117650002200125SGT a9780706986822 a320,VER aVARMA, S.P. aMODERN POLITICAL THEORY aNEW DELHIbVIKASH PUBLISHINGc2015 a464 a POLITICAL THEORY